| 000 | 00445nam a22001457a 4500 | ||
|---|---|---|---|
| 003 | macl | ||
| 005 | 20180923123728.0 | ||
| 008 | 180923b xxu||||| |||| 00| 0 eng d | ||
| 040 | _cmacl | ||
| 100 |
_aDhanedhar , Reva _972922 |
||
| 245 |
_aSaga of Valour _bParam Vir Chakra and Ashoka Chakra Wonners |
||
| 260 |
_aNew Delhi _bMinistry of Information and Broadcasting Government of India _c2015 |
||
| 650 |
_aBiography _972923 |
||
| 942 |
_2ddc _cBK |
||
| 999 |
_c58336 _d58336 |
||